000 00481cam a2200181ua 4500
041 _amal
_h
082 _a894.812 308
_bKER/AK
100 _aKerala Varma , Valiya Koilthampuran .
245 _aAkbar /
_cKerala Varma Valia Koilthampuran.
_hTextual Documents
250 _a1 /
_b.
260 _a :
_bSahitya Pravarthaka Co-operative Society ,
_c1968.
300 _a246 ; .
504 _a
942 _cBK
999 _c3864
_d3864